| 000 | 01332cam a22002174a 4500 | ||
|---|---|---|---|
| 005 | 20250605164039.0 | ||
| 008 | 250528s ||||||||||||||||||||||||d | ||
| 035 | _a16910 | ||
| 020 | _a273600796 | ||
| 040 |
_aGR-AtMCL _bgre _dGR-AtMCL _eAACR2 |
||
| 245 | 1 | _aAchieving Environmental Management Standards / A Step-by-step Guide to BS7750 | |
| 250 | _a1st | ||
| 260 |
_bPitman Publishing, _c1993 |
||
| 300 | _a234 | ||
| 505 | 0 | _aThinking about Objectives: Preparing for the Planning Phase, Planning the Implementation of the Environmental Management System, Implementing the Environmental Management System, The Implementation Workshop, Environmental Effects, The Environmental Programme, Operational Control, Management Reviews, Reviewing the Implementation of the Environmental Management System, The Final Report, Index. | |
| 520 | _aThinking about Objectives: Preparing for the Planning Phase, Planning the Implementation of the Environmental Management System, Implementing the Environmental Management System, The Implementation Workshop, Environmental Effects, The Environmental Programme, Operational Control, Management Reviews, Reviewing the Implementation of the Environmental Management System, The Final Report, Index. | ||
| 700 | 1 |
_aGilbert Michael _93004 |
|
| 942 | _cBK | ||
| 999 |
_c2360 _d2360 |
||